000
00301 a2200145 4500
001
152033
040
_c
Escola São Tomás de Aquino
100
_a
GULLAR, Ferreira
240
1
0
_a
Pé de poesia
_l
por
245
1
0
_a
Pé de poesia
300
_a
63
362
0
_a
2006
697
_a
Poesia
942
_c
BK
999
_c
152033
_d
152033